00393nam a2200121Ia 4500001000400000008004100004082001900045100006500064245007400129260002500203901002800228999001500256788241024s9999 xx 000 0 und d aRD/374/R426g/1 aRepública Dominicana.Secretaría de Estado de Educación 0aGuía del (la) facilitador (a) para el so del Método abc español bed. Centenarioc1999 a2/12/2010 12:01:13 p.m. c8447d8447